Acteurs hollywoodiens aléatoires - Images - Statistiques

Statistiques générales
  • Ce quiz a été pris 4 226 fois
  • Le résultat moyen est 7 sur 16
Statistiques - réponses
Par images Réponse % Correct
Brad Pitt
93%
Will Smith
93%
Leonardo DiCaprio
92%
Timothée Chalamet
92%
Jean Dujardin
91%
Tom Cruise
90%
Johnny Depp
88%
Tom Hanks
86%
Vin Diesel
86%
Morgan Freeman
85%
George Clooney
84%
Jim Carrey
83%
Dwayne Johnson
82%
Jackie Chan
82%
Robert Pattinson
81%
Ryan Gosling
79%
Cillian Murphy
78%
Jean-Claude Van Damme
78%
Matt Damon
78%
Sylvester Stallone
77%
Daniel Radcliffe
76%
Bruce Willis
75%
Keanu Reeves
75%
Robert Downey Jr.
75%
Bradley Cooper
74%
Hugh Jackman
74%
Robert De Niro
74%
Zac Efron
73%
Harrison Ford
72%
Samuel L. Jackson
72%
Denzel Washington
71%
Jason Statham
71%
Daniel Craig
69%
Chris Hemsworth
67%
Robin Williams
67%
Chris Evans
66%
Ryan Reynolds
66%
Bruce Lee
64%
Henry Cavill
64%
Jared Leto
64%
Ben Affleck
63%
Mark Ruffalo
63%
Anthony Hopkins
62%
Clint Eastwood
61%
Jason Momoa
61%
Benedict Cumberbatch
60%
Orlando Bloom
60%
Rami Malek
60%
Chris Pratt
59%
Christian Bale
59%
Joaquin Phoenix
59%
Tom Hardy
59%
Liam Neeson
58%
Al Pacino
57%
Jack Black
57%
Jake Gyllenhaal
57%
Jamie Foxx
57%
Mel Gibson
57%
Tobey Maguire
57%
Chuck Norris
56%
Heath Ledger
56%
Idris Elba
56%
Jack Nicholson
56%
Nicolas Cage
55%
Adrien Brody
54%
Eddie Murphy
54%
John Travolta
54%
Adam Sandler
52%
Hugh Grant
51%
Arnold Schwarzenegger
48%
Edward Norton
48%
Willem Dafoe
48%
Adam Driver
47%
Bryan Cranston
44%
Gary Oldman
44%
Matthew McConaughey
44%
Tom Hiddleston
44%
Russell Crowe
43%
Ralph Fiennes
42%
Christopher Lee
41%
Christoph Waltz
41%
Kevin Spacey
41%
Alan Rickman
40%
Jude Law
40%
Sean Penn
40%
Steve Carell
40%
Bill Murray
39%
Elijah Wood
39%
Marlon Brando
39%
Paul Rudd
39%
Pierce Brosnan
39%
Ben Stiller
38%
Sean Connery
38%
Javier Bardem
37%
Colin Firth
36%
Jeremy Renner
36%
Richard Gere
36%
Rowan Atkinson
36%
Dustin Hoffman
35%
Michael Douglas
35%
Ewan McGregor
34%
Oscar Isaac
34%
Owen Wilson
34%
Roberto Benigni
32%
Viggo Mortensen
32%
Antonio Banderas
31%
Colin Farrell
30%
Kevin Bacon
30%
Robert Redford
30%
Woody Harrelson
30%
James Dean
29%
Kevin Costner
29%
Michael Caine
29%
Val Kilmer
29%
Benicio Del Toro
27%
Danny DeVito
27%
Jeff Goldblum
27%
Michael Keaton
27%
Roger Moore
27%
Michael J. Fox
26%
Paul Dano
25%
Daniel Day-Lewis
24%
John Wayne
24%
Ian McKellen
23%
Joe Pesci
23%
Ben Kingsley
22%
Tommy Lee Jones
22%
Will Ferrell
22%
Andy Serkis
21%
Forest Whitaker
21%
Charlie Chaplin
20%
Laurence Fishburne
20%
Jeff Bridges
18%
Josh Brolin
18%
Philip Seymour Hoffman
18%
Steve McQueen
18%
Fred Astaire
17%
Jeremy Irons
17%
Kurt Russell
17%
Christopher Walken
16%
Kenneth Branagh
16%
Simon Pegg
16%
Clark Gable
15%
Henry Fonda
15%
Paul Newman
15%
Christopher Lloyd
14%
Harvey Keitel
14%
John Goodman
14%
Kirk Douglas
14%
Orson Welles
14%
Patrick Stewart
14%
Humphrey Bogart
12%
Hugo Weaving
11%
John Hurt
11%
Matthew Broderick
10%
Steve Buscemi
10%
Charlton Heston
9%
John Cusack
9%
Geoffrey Rush
7%
Ian Holm
6%
Peter Sellers
4%
Aucun quiz correspondant
Distribution des résultats
% des personnes avec chaque résultat
Percentile par nombre de réponses
Votre historique - résultats
Vous n’avez pas pris ce quiz